[Event "Sabadell op-C 12th"]
[Site "Sabadell"]
[Date "2019.09.06"]
[Round "5.14"]
[White "Alcon Davalos, Marc"]
[Black "Tortosa Moros, Joan"]
[Result "1-0"]
[WhiteElo "1459"]
[BlackElo "1647"]
[PlyCount "101"]
[EventDate "2019.09.02"]
[EventType "swiss"]
[EventRounds "9"]
[EventCountry "ESP"]
[SourceTitle "EXT 2024"]
[Source "ChessBase"]
[SourceDate "2023.10.10"]
[SourceVersion "1"]
[SourceVersionDate "2023.10.10"]
[SourceQuality "1"]

1. e4 c5 2. Nf3 g6 3. Bc4 Bg7 4. Nc3 Nh6 5. d3 0-0 6. h3 Kh8 7. g4 Nc6 8. g5 Ng8 9. Be3 Nd4 10. Bxd4 cxd4 11. Ne2 Qa5+ 12. Qd2 Qxd2+ 13. Nxd2 Rb8 14. h4 b5 15. Bb3 a5 16. a4 h5 17. axb5 Rxb5 18. Nc4 d5 19. exd5 Rxd5 20. Rxa5 Rxa5 21. Nxa5 Bg4 22. Ng3 Ra8 23. f3 Rxa5 24. fxg4 Be5 25. Kf2 hxg4 26. Bxf7 Kg7 27. Bb3 Bf4 28. Re1 Be3+ 29. Kg2 e5 30. Nf1 Bf4 31. Nh2 g3 32. Nf1 Ne7 33. Nxg3 Bxg3 34. Kxg3 Nf5+ 35. Kg4 Ne3+ 36. Kf3 Ra8 37. Ke4 Re8 38. Ra1 Nf5 39. Ra7+ Kh8 40. Ra5 Nd6+ 41. Kd5 Nf5 42. Ra6 Nxh4 43. Re6 Rxe6 44. Kxe6 Nf3 45. Kf6 Kh7 46. Bf7 Kh8 47. Bxg6 Ne1 48. c3 Nf3 49. Be4 dxc3 50. bxc3 Nd2 51. g6 1-0

[Event "Roncana op-B 11th"]
[Site "Santa Eulalia de Roncana"]
[Date "2017.09.23"]
[Round "1.8"]
[White "Alcon Davalos, Marc"]
[Black "De Lomas Busquets, Alba"]
[Result "0-1"]
[WhiteElo "1589"]
[BlackElo "1344"]
[PlyCount "118"]
[EventDate "2017.09.23"]
[EventType "swiss"]
[EventRounds "8"]
[EventCountry "ESP"]
[SourceTitle "EXT 2024"]
[Source "ChessBase"]
[SourceDate "2023.10.10"]
[SourceVersion "1"]
[SourceVersionDate "2023.10.10"]
[SourceQuality "1"]

1. e4 c5 2. Nf3 Nc6 3. Nc3 g6 4. g3 Bg7 5. Bg2 d6 6. Nd5 e6 7. Ne3 Nge7 8. c3 0-0 9. 0-0 b6 10. d4 d5 11. e5 cxd4 12. cxd4 Bb7 13. Ne1 Rc8 14. f4 f6 15. Nf3 b5 16. Nc2 Nf5 17. b3 Qb6 18. Bb2 fxe5 19. fxe5 Nxe5 20. Nxe5 Bxe5 21. Kh1 Bg7 22. Re1 Rfe8 23. g4 Nd6 24. Ba3 Ne4 25. Bxe4 dxe4 26. Bc5 Qc7 27. Ne3 a6 28. Rf1 Bf8 29. b4 Bxc5 30. dxc5 Rcd8 31. Qe2 Rf8 32. a3 Qe7 33. Kg2 Rxf1 34. Rxf1 Rf8 35. Rxf8+ Qxf8 36. Qf2 Qf3+ 37. Qxf3 exf3+ 38. Kf2 h6 39. Nf1 e5 40. Nd2 e4 41. Nb3 Kf7 42. Na5 Bc8 43. Nb3 Bxg4 44. Nd2 Bf5 45. h4 g5 46. hxg5 hxg5 47. c6 Ke7 48. c7 Kd7 49. c8Q+ Kxc8 50. Nb3 Kd7 51. Nc5+ Kc6 52. Nxa6 Kb6 53. Nc5 Kc6 54. Na6 Kd5 55. Nc7+ Kc4 56. Ke3 g4 57. Kf2 Bd7 58. Na8 Kb3 59. Nb6 Bc6 0-1